Aquí /
Guardat en:
| Autor principal: | |
|---|---|
| Format: | Electrònic eBook |
| Idioma: | espanyol |
| Publicat: |
Madrid :
Visor Libros,
[2000]
|
| Col·lecció: | Colección Visor de poesía ;
v. 450. |
| Matèries: | |
| Accés en línia: | Digitalia Hispánica |
| Etiquetes: |
Afegir etiqueta
Sense etiquetes, Sigues el primer a etiquetar aquest registre!
|
MARC
| LEADER | 00000nam a2200000Ii 4500 | ||
|---|---|---|---|
| 001 | DIGVISR0588 | ||
| 003 | NyNyDIG | ||
| 006 | m o d | ||
| 007 | cr ||||||||||| | ||
| 008 | 210714s2000 sp o 000 p spa d | ||
| 035 | |a (OCoLC)1282640340 | ||
| 040 | |a DGITA |b eng |e rda |e pn |c DGITA | ||
| 020 | |z 9788475229997 | ||
| 050 | 1 | 4 | |a PQ7389.F44 ebook |
| 082 | 0 | 4 | |a 861.62 |
| 100 | 1 | |a Fernández Retamar, Roberto, |e author. | |
| 245 | 1 | 0 | |a Aquí / |c Roberto Fernández Retamar. |
| 264 | 1 | |a Madrid : |b Visor Libros, |c [2000] | |
| 300 | |a 1 online resource. | ||
| 336 | |a text |2 rdacontent | ||
| 337 | |a computer |b c |2 rdamedia | ||
| 338 | |a online resource |b cr |2 rdacarrier | ||
| 347 | |a text file |2 rdaft | ||
| 347 | |b PDF | ||
| 490 | 1 | |a Volumen CDL de la Colección Visor de poesía | |
| 588 | 0 | |a Online resource; title from PDF title page (Digitalia, viewed July 14, 2021) | |
| 655 | 7 | |a Poetry. |2 lcgft | |
| 655 | 0 | |a Electronic books. | |
| 791 | 2 | |a Digitalia (Firm), |e distributor. | |
| 793 | 0 | |g Digitalia eBook Collection: |a Visor Libros. | |
| 776 | 0 | 8 | |i Print version: |a Fernández Retamar, Roberto. |t Aquí. |d Madrid : Visor Libros, 2000 |z 9788475229997 |w (OCoLC)45915070 |
| 830 | 0 | |a Colección Visor de poesía ; |v v. 450. | |
| 856 | 4 | 0 | |3 Digitalia Hispánica |u https://digitalia.unach.elogim.com/a/76806/ |
| 910 | |a Premium Collection: 2021 | ||